Picasso i els seus amics catalans / Josep Palau i Fabre
ISBN:
84-9803-113-3
Descripción Física:
285 p. : il. ; 24 cm
MARC
| LEADER | 00000nam a2200000Ia 4500 | ||
|---|---|---|---|
| 001 | 17827 | ||
| 008 | 160829s2006 xx 000 0 cat d | ||
| 020 | |a 84-9803-113-3 | ||
| 080 | |a B-2-107 | ||
| 100 | |a Palau i Fabre, Josep, |d 1917-2008 |9 20190 | ||
| 245 | |a Picasso i els seus amics catalans / Josep Palau i Fabre | ||
| 260 | |a Barcelona : |b Diputació de Barcelona, |c 2006 | ||
| 300 | |a 285 p. : |b il. ; |c 24 cm | ||
| 590 | |a Nova edició del llibre de Josep Palau i Fabre sobre Picasso i Catalunya en el 125è aniversari del naixement del pintor. | ||
| 600 | 0 | |9 53616 |a Picasso, Pablo, |d 1881-1973 | |
| 650 | |a Picasso, Pablo |x Amics i companys |9 23474 | ||
| 710 | 1 | |a Barcelona (Catalunya : Província). |b Diputació |9 52408 | |
| 901 | |a Arxiu | ||
| 942 | |n 1 |2 udc | ||
| 952 | |0 0 |1 0 |4 0 |6 B2107 |7 1 |9 42722 |a Arxiu |b Arxiu |d 2016-12-01 |l 0 |o B-2-107 |p 17827 |r 2016-12-01 00:00:00 |w 2016-12-01 |y ARXIU | ||
| 999 | |c 45228 |d 45228 | ||